000 00889nam a2200181Ia 4500
008 151202s9999||||xx |||||||||||||| ||und||
082 _bPNVM-1633
100 _aराजवाडे वि. का.
245 _aमराठ्यांच्या इतिहासाची साधने खंड 20 वा. शिवकालिन घराणी.
260 _bकृ. प. खाडीलकर.
260 _c0
300 _a0
600 _aराजवाडे वि. का.
630 _aमराठ्यांच्या इतिहासाची साधने खंड 20 वा. शिवकालिन घराणी.
700 _aराजवाडे वि. का.
730 _aमराठ्यांच्या इतिहासाची साधने खंड 20 वा. शिवकालिन घराणी.
942 _cBOOK
999 _c1267631
_d1267628